mysqli: Table './ulib62015/stat_globaluid' is marked as crashed and should be repaired
select id from stat_globaluid where statuid='20260517153916_3510'
mysqli: Table './ulib62015/stat_globaluid' is marked as crashed and should be repaired
DELETE FROM stat_globaluid
WHERE id NOT IN (
SELECT id
FROM (
SELECT id
FROM stat_globaluid
ORDER BY id DESC
LIMIT 100
) foo
);
mysqli: Table './ulib62015/stat_globaluid' is marked as crashed and should be repaired
insert into stat_globaluid set
statuid='20260517153916_3510',
dt='1779007156',
phpself='/ULIB62015/dublinfull.php',
agent='Mozilla/5.0 AppleWebKit/537.36 (KHTML, like Gecko; compatible; ClaudeBot/1.0; +claudebot@anthropic.com)',
yea='2026',
mon='5',
dat='17',
ip='216.73.216.45'
mysqli: Table './ulib62015/stathist_viewbib_bib_type' is marked as crashed and should be repaired
insert into stathist_viewbib_bib_type set
dat='17' ,
mon='05' ,
yea='2026' ,
statuid='20260517153916_3510' ,
head='13399107711' ,
foot='marc' ,
dt='1779007156'
| LEADER : 00000nam 2200000uu 4500 |
| 008 101020s||||||||th 000 0 tha d |
| 020 974-565-818-2
|
| 041 0 THA
|
| 060 4 WH100^bม142ก 2531
|
| 110 1 การประชุมเชิงปฏิบัติการทางโลหิตวิทยา.^b2538 :^cเชียงใหม่)
|
| 245 10 Recent advances in hematology /^cคณะเทคนิคการแพทย์มหาวิทยาลัยเชียงใหม่
|
| 260 เชียงใหม่ :^bคณะ,^c2538
|
| 300 125 หน้า
|
| 650 7 โลหิตวิทยา^xการประชุม
|
| 710 1 มหาวิทยาลัยเชียงใหม่.^bคณะเทคนิคการแพทย์
|
| 945 ^p0^l0^i014093 |
| 999 ^aบรรณารักษ์
|
| คุณยังไม่ได้ล็อกอิน คุณสามารถมีกิจกรรมร่วมกับเว็บไซต์ได้ แต่ต้องล็อกอินก่อน :: |
|
|
|
| ลำดับที่ |
ประเภท |
เลขเรียก/บาร์โค้ด |
สถานที่ |
สถานะ |
| 1. |
 หนังสือ | WH100 ม142ก 2531 Barcode: 014093 | หนังสือทั่วไป | บนชั้น ขอยืม |
|
ยังไม่เคยถูกคอมเมนท์
|
| คอมเมนท์ทรัพยากรรายการนี้ |
|